000 00890nam0a22002531 4500
001 rc\4401182
005 20250611170053.0
035 _a(NLR Aleph) 008298448
090 _a8620626
_c8620626
100 _a20130416d1957 |||y0rusy50 ca
101 0 _arus
102 _aRU
105 _aa z |||||
200 1 _aДислокации в кристаллах
_fРед. сборника А.Н. Орлов
210 _aМосква
_cИзд-во иностр. лит.
_d1957
215 _a184 с., 40 с. ил.
_cчерт.
_d26
225 1 _aПроблемы современной физики
_eСб. пер. и обзоров иностр. период. литературы
_v9
320 _aБиблиогр. в конце статей
702 1 _aОрлов
_bА.Н.
_4340
801 0 _aRU
_bNLR
_gpsbo
801 1 _aRU
_bELAR
_2rusmarc
852 _aNLR
_jП8/237
942 _cBOOK
980 _aNB